Abraham Lincoln's Posse Quiz Stats

 Plays Quiz Updated Feb 13, 2018

Challenge
Share
Tweet
Embed
Score 0/19 Timer 05:00
0 Plays Today
1861 - 1865 Answer % Correct
President✓⟝President⟞
96.9%
Vice President (2)✓⟝Vice President⟞
86.2%
Wartime Commander of the Army (4)
Civil War
✓⟝Commander of the Army⟞
77.9%
First Lady✓⟝First Lady⟞
73.3%
First Family (4)
Four Sons
✓⟝First Family⟞
63.2%
Wartime Commanding General (21)✓⟝Commanding General⟞
53.7%
Wartime Commanding General (cont.)
Civil War
✓⟝Commanding General⟞
53.6%
Secretary of State✓⟝Secretary of State⟞
51.4%
Supreme Court Justice Appointment (5)✓⟝Justice Appointment⟞
44.6%
Wartime Naval Commander (9)
Civil War
✓⟝Naval Commander⟞
41.1%
1861 - 1865 Answer % Correct
Chief Justice of the Supreme Court (2)✓⟝Chief Justice⟞
39.3%
Secretary of War (2)✓⟝Secretary of War⟞
36.8%
Secretary of the Treasury (3)✓⟝Secretary of the Treasury⟞
34.9%
Ambassador (12)✓⟝Ambassador⟞
34.2%
Secretary to the President (2)✓⟝Private Secretary⟞
25.6%
Secretary of the Navy✓⟝Secretary of the Navy⟞
16.6%
Attorney General (2)✓⟝Attorney General⟞
12.4%
Speaker of the House (2)✓⟝Speaker of the House⟞
10.6%
President pro tempore of the Senate (3)✓⟝President pro tempore⟞
8.6%

You're not logged in!

Compare scores with friends on all Sporcle quizzes.
OR
Log In

You Might Also Like...

Show Comments

Extras

Top Quizzes Today


Score Distribution

Your Account Isn't Verified!

In order to create a playlist on Sporcle, you need to verify the email address you used during registration. Go to your Sporcle Settings to finish the process.

Report this User

Report this user for behavior that violates our Community Guidelines.

Details: